[Event "Girona-ch Seniors"]
[Site "Girona"]
[Date "2020.02.11"]
[Round "2.3"]
[White "Vila Pages, Xavier"]
[Black "Balague Canadell, Jordi"]
[Result "0-1"]
[WhiteElo "1747"]
[BlackElo "1955"]
[PlyCount "56"]
[EventDate "2020.02.04"]
[EventType "swiss"]
[EventRounds "6"]
[EventCountry "ESP"]
[SourceTitle "EXT 2024"]
[Source "ChessBase"]
[SourceDate "2023.10.10"]
[SourceVersion "1"]
[SourceVersionDate "2023.10.10"]
[SourceQuality "1"]

1. c4 Nf6 2. Nc3 e6 3. d4 d5 4. Bg5 Be7 5. e3 c6 6. Nf3 0-0 7. Be2 h6 8. Bh4 Nbd7 9. 0-0 a6 10. Rc1 Ne4 11. Bxe7 Qxe7 12. Nxe4 dxe4 13. Nd2 f5 14. f3 exf3 15. Nxf3 e5 16. dxe5 Nxe5 17. Qd4 Ng4 18. Rc3 Be6 19. h3 Rad8 20. Qf4 Nf6 21. Ne5 Ne4 22. Rc2 g5 23. Qh2 Qc5 24. Rf3 Nd2 25. Rg3 f4 26. Nd3 fxg3 27. Qxg3 Qd6 28. Ne5 Ne4 0-1

[Event "Girona-ch Seniors"]
[Site "Girona"]
[Date "2019.02.26"]
[Round "4.4"]
[White "Vila Pages, Xavier"]
[Black "Voegeli, Max"]
[Result "1-0"]
[WhiteElo "1795"]
[BlackElo "1603"]
[PlyCount "61"]
[EventDate "2019.02.05"]
[EventType "swiss"]
[EventRounds "6"]
[EventCountry "ESP"]
[SourceTitle "EXT 2024"]
[Source "ChessBase"]
[SourceDate "2023.10.10"]
[SourceVersion "1"]
[SourceVersionDate "2023.10.10"]
[SourceQuality "1"]

1. c4 e5 2. Nc3 Nf6 3. g3 Bb4 4. Bg2 0-0 5. Nf3 e4 6. Ng5 Bxc3 7. dxc3 Re8 8. 0-0 h6 9. Nh3 d6 10. Nf4 b6 11. Nd5 Bb7 12. Be3 Nbd7 13. Qc2 Nxd5 14. cxd5 Bxd5 15. c4 Bb7 16. b4 Qe7 17. Rad1 Nf6 18. Bd4 Rad8 19. Qb2 c5 20. Bc3 d5 21. cxd5 Bxd5 22. bxc5 bxc5 23. Rc1 Rb8 24. Qa1 Rb6 25. Rfd1 Ra6 26. Bxf6 Rxf6 27. Rxd5 Rc6 28. Rcd1 Rc7 29. Qc3 Rec8 30. Qc4 Qf6 31. Bxe4 1-0

[Event "Girona-ch Seniors"]
[Site "Girona"]
[Date "2019.02.19"]
[Round "3.6"]
[White "Burset Camps, Guillem"]
[Black "Vila Pages, Xavier"]
[Result "0-1"]
[WhiteElo "1549"]
[BlackElo "1795"]
[PlyCount "90"]
[EventDate "2019.02.05"]
[EventType "swiss"]
[EventRounds "6"]
[EventCountry "ESP"]
[SourceTitle "EXT 2024"]
[Source "ChessBase"]
[SourceDate "2023.10.10"]
[SourceVersion "1"]
[SourceVersionDate "2023.10.10"]
[SourceQuality "1"]

1. d4 d5 2. Nf3 Nf6 3. c4 e6 4. Bg5 Be7 5. e3 a6 6. Nc3 Nbd7 7. Rc1 0-0 8. Bd3 dxc4 9. Bxc4 b5 10. Bd3 c5 11. dxc5 Nxc5 12. Bb1 Bb7 13. Qe2 Rc8 14. 0-0 Qb6 15. e4 h6 16. Be3 Qd8 17. Rfd1 Qe8 18. h3 b4 19. e5 Nfd7 20. Qc2 Ne4 21. Qa4 Bc6 22. Qxa6 bxc3 23. Nd4 Bd5 24. f3 Nec5 25. Qe2 cxb2 26. Qxb2 Nxe5 27. Qd2 Ncd7 28. Nb5 Nc4 29. Qd3 Nf6 30. Bd4 Bc5 31. Bxc5 Rxc5 32. Nd6 Qc6 33. Ne4 Bxe4 34. fxe4 Ne5 35. Qe3 Rxc1 36. Rxc1 Qd6 37. Bc2 Rc8 38. Bb3 Rxc1+ 39. Qxc1 Qd4+ 40. Kh1 Nxe4 41. Qc8+ Kh7 42. Bc2 g6 43. Qc7 Kg7 44. Bb3 Nf2+ 45. Kh2 Qf4+ 0-1

[Event "Girona-ch Seniors"]
[Site "Girona"]
[Date "2017.02.28"]
[Round "4.3"]
[White "Llach Mascaro, Josep Maria"]
[Black "Vila Pages, Xavier"]
[Result "1/2-1/2"]
[WhiteElo "1947"]
[BlackElo "1855"]
[PlyCount "50"]
[EventDate "2017.02.07"]
[EventType "swiss"]
[EventRounds "6"]
[EventCountry "ESP"]
[SourceTitle "EXT 2024"]
[Source "ChessBase"]
[SourceDate "2023.10.10"]
[SourceVersion "1"]
[SourceVersionDate "2023.10.10"]
[SourceQuality "1"]

1. e4 e6 2. d4 d5 3. Nc3 Nf6 4. exd5 exd5 5. Bg5 Be7 6. Qd2 Bf5 7. Bd3 Bxd3 8. Qxd3 c6 9. Nge2 0-0 10. 0-0 Nbd7 11. Ng3 Qc7 12. Nf5 Bd6 13. Nxd6 Qxd6 14. Ne2 Rfe8 15. c3 Re4 16. Ng3 Re6 17. Nf5 Qc7 18. Rae1 Rae8 19. Rxe6 Rxe6 20. f3 Nf8 21. Bxf6 Rxf6 22. Re1 Ng6 23. Re3 Re6 24. Rxe6 fxe6 25. Ng3 Ne7 1/2-1/2

[Event "Girona-ch Seniors"]
[Site "Girona"]
[Date "2017.02.14"]
[Round "2.2"]
[White "Bonell Mitjans, Antonio"]
[Black "Vila Pages, Xavier"]
[Result "1-0"]
[WhiteElo "2087"]
[BlackElo "1855"]
[PlyCount "63"]
[EventDate "2017.02.07"]
[EventType "swiss"]
[EventRounds "6"]
[EventCountry "ESP"]
[SourceTitle "EXT 2024"]
[Source "ChessBase"]
[SourceDate "2023.10.10"]
[SourceVersion "1"]
[SourceVersionDate "2023.10.10"]
[SourceQuality "1"]

1. e4 e6 2. d4 d5 3. e5 c5 4. c3 Nc6 5. Nf3 Nge7 6. Bd3 cxd4 7. cxd4 Nb4 8. Be2 Bd7 9. a3 Nbc6 10. b4 a6 11. 0-0 Rc8 12. Bb2 Ng6 13. Qd2 Be7 14. Nc3 Na7 15. Rac1 0-0 16. g3 Qb6 17. h4 Rfe8 18. h5 Nf8 19. h6 g6 20. Qf4 Qd8 21. Bd3 f5 22. exf6 Bxf6 23. Ne5 Qe7 24. Nf3 Bc6 25. Rce1 Nd7 26. Qg4 Qf7 27. a4 b5 28. axb5 axb5 29. Bc1 Nb6 30. Ne5 Bxe5 31. Rxe5 Nc4 32. Bxc4 1-0

[Event "Girona-ch Seniors"]
[Site "Santa Eugenia"]
[Date "2016.??.??"]
[Round "4.6"]
[White "Bonilla Padilla, Pere"]
[Black "Vila Pages, Xavier"]
[Result "0-1"]
[WhiteElo "1700"]
[BlackElo "2003"]
[PlyCount "54"]
[EventDate "2016.02.02"]
[EventType "swiss"]
[EventRounds "6"]
[EventCountry "ESP"]
[SourceTitle "EXT 2024"]
[Source "ChessBase"]
[SourceDate "2023.10.10"]
[SourceVersion "1"]
[SourceVersionDate "2023.10.10"]
[SourceQuality "1"]

1. Nf3 e6 2. g3 d5 3. d4 Nf6 4. Bg2 Be7 5. 0-0 Nbd7 6. Nc3 a6 7. Bd2 c5 8. e3 b5 9. a3 Bb7 10. Na2 0-0 11. b4 cxd4 12. Nxd4 Rc8 13. c3 Ne5 14. Be1 Nc4 15. Qc2 Nxa3 16. Qb2 Nc4 17. Qb3 Qc7 18. Bh3 Nb6 19. Nc1 Qc4 20. Bg2 Qxb3 21. Ncxb3 Na4 22. Na5 Ba8 23. Rc1 Bxb4 24. Nab3 Bd6 25. Bd2 Ne4 26. f3 Nxd2 27. Nxd2 Nxc3 0-1

[Event "Girona-ch Seniors"]
[Site "Santa Eugenia"]
[Date "2016.??.??"]
[Round "5.4"]
[White "Voegeli, Max"]
[Black "Vila Pages, Xavier"]
[Result "0-1"]
[WhiteElo "1860"]
[BlackElo "2003"]
[PlyCount "58"]
[EventDate "2016.02.02"]
[EventType "swiss"]
[EventRounds "6"]
[EventCountry "ESP"]
[SourceTitle "EXT 2024"]
[Source "ChessBase"]
[SourceDate "2023.10.10"]
[SourceVersion "1"]
[SourceVersionDate "2023.10.10"]
[SourceQuality "1"]

1. e4 e6 2. Nf3 d5 3. e5 c5 4. b4 b6 5. c3 Bd7 6. a3 Nc6 7. d4 cxd4 8. cxd4 Nge7 9. Bd3 Ng6 10. h4 Be7 11. Bg5 a5 12. b5 Na7 13. Bxe7 Qxe7 14. Bxg6 fxg6 15. a4 Rc8 16. Qd2 0-0 17. Ke2 Rc4 18. Rc1 Rfc8 19. Rxc4 Rxc4 20. g3 Rxa4 21. Rxa4 Bxb5+ 22. Ke1 Bxa4 23. Qc1 Qb4+ 24. Nbd2 Nc6 25. Kf1 Bb5+ 26. Kg2 a4 27. Qb1 Qxb1 28. Nxb1 Bd3 29. Na3 Be4 0-1

[Event "Girona-ch Seniors"]
[Site "Girona"]
[Date "2015.??.??"]
[Round "6.3"]
[White "Estevez Montilla, Francesco"]
[Black "Vila Pages, Xavier"]
[Result "1/2-1/2"]
[WhiteElo "1980"]
[BlackElo "1978"]
[PlyCount "23"]
[EventDate "2015.02.10"]
[EventType "tourn"]
[EventRounds "6"]
[EventCountry "ESP"]
[SourceTitle "EXT 2024"]
[Source "ChessBase"]
[SourceDate "2023.10.10"]
[SourceVersion "1"]
[SourceVersionDate "2023.10.10"]
[SourceQuality "1"]

1. e4 e6 2. d4 d5 3. e5 c5 4. c3 Nc6 5. Nf3 Bd7 6. Be2 cxd4 7. cxd4 Nge7 8. 0-0 Ng6 9. Nc3 Be7 10. Be3 0-0 11. Rc1 Rc8 12. Qd2 1/2-1/2

[Event "Girona-ch Seniors"]
[Site "Girona"]
[Date "2014.02.18"]
[Round "2.1"]
[White "Bonell Mitjans, Antonio"]
[Black "Vila Pages, Xavier"]
[Result "1-0"]
[WhiteElo "2216"]
[BlackElo "1997"]
[PlyCount "56"]
[EventDate "2014.02.11"]
[EventType "swiss"]
[EventRounds "6"]
[EventCountry "ESP"]
[SourceTitle "EXT 2024"]
[Source "ChessBase"]
[SourceDate "2023.10.10"]
[SourceVersion "1"]
[SourceVersionDate "2023.10.10"]
[SourceQuality "1"]

1. e4 e6 2. d4 d5 3. e5 c5 4. c3 Nc6 5. Nf3 cxd4 6. cxd4 Nge7 7. Na3 Ng6 8. Nc2 Bd7 9. a3 Be7 10. b4 a6 11. Bd3 Na7 12. 0-0 Bb5 13. h3 Qd7 14. h4 Bxd3 15. Qxd3 Qb5 16. Qd2 Nf8 17. Qf4 Qd3 18. Ne3 Qg6 19. Bd2 h5 20. Rac1 Nc6 21. a4 Qe4 22. b5 Qd3 23. bxc6 Ng6 24. cxb7 0-0 25. bxa8Q Rxa8 26. Ne1 Nxf4 27. Nxd3 Nxd3 28. Rc7 Bb4 1-0

[Event "Girona-ch Seniors"]
[Site "Girona"]
[Date "2011.03.17"]
[Round "6.4"]
[White "Vila Pages, Xavier"]
[Black "Sanchez Portillo, Ernest"]
[Result "1-0"]
[WhiteElo "1984"]
[BlackElo "1869"]
[PlyCount "67"]
[EventDate "2011.02.10"]
[EventType "swiss"]
[EventRounds "6"]
[EventCountry "ESP"]
[SourceTitle "EXT 2024"]
[Source "ChessBase"]
[SourceDate "2023.10.10"]
[SourceVersion "1"]
[SourceVersionDate "2023.10.10"]
[SourceQuality "1"]

1. c4 c5 2. Nc3 Nc6 3. g3 e6 4. Bg2 Nf6 5. Nf3 d5 6. cxd5 Nxd5 7. 0-0 Nxc3 8. dxc3 Qxd1 9. Rxd1 Be7 10. Bf4 Bf6 11. Bd6 Be7 12. Rd2 Bxd6 13. Rxd6 Ke7 14. Rd2 Rd8 15. Rad1 Rxd2 16. Rxd2 f6 17. Ne1 Ne5 18. b3 Rb8 19. f4 Nd7 20. Nd3 b6 21. Bc6 Nf8 22. Nb2 Bb7 23. Bb5 a6 24. Bd3 Rd8 25. Rd1 b5 26. Kf2 f5 27. a4 Bc6 28. axb5 axb5 29. Ke3 Nd7 30. Ra1 Nb6 31. c4 b4 32. Ra6 Rb8 33. Bc2 Kd6 34. Nd3 1-0

[Event "Girona-ch Seniors"]
[Site "Girona"]
[Date "2011.02.24"]
[Round "3.1"]
[White "Mas Recorda, Pere"]
[Black "Vila Pages, Xavier"]
[Result "1-0"]
[WhiteElo "2200"]
[BlackElo "1984"]
[PlyCount "35"]
[EventDate "2011.02.10"]
[EventType "swiss"]
[EventRounds "6"]
[EventCountry "ESP"]
[SourceTitle "EXT 2024"]
[Source "ChessBase"]
[SourceDate "2023.10.10"]
[SourceVersion "1"]
[SourceVersionDate "2023.10.10"]
[SourceQuality "1"]

1. d4 d5 2. Nf3 Nf6 3. c4 e6 4. Nc3 Be7 5. Bf4 a6 6. e3 Nbd7 7. h3 dxc4 8. Bxc4 b5 9. Bd3 c5 10. Rc1 Bb7 11. 0-0 Rc8 12. Qe2 c4 13. Bb1 0-0 14. e4 g6 15. Bh6 Re8 16. e5 Nd5 17. Ne4 f6 18. exf6 1-0

[Event "Girona-ch Seniors"]
[Site "Girona"]
[Date "2011.02.17"]
[Round "2.3"]
[White "Vila Pages, Xavier"]
[Black "Estelle Estrada, Joan"]
[Result "1-0"]
[WhiteElo "1984"]
[BlackElo "1720"]
[PlyCount "21"]
[EventDate "2011.02.10"]
[EventType "swiss"]
[EventRounds "6"]
[EventCountry "ESP"]
[SourceTitle "EXT 2024"]
[Source "ChessBase"]
[SourceDate "2023.10.10"]
[SourceVersion "1"]
[SourceVersionDate "2023.10.10"]
[SourceQuality "1"]

1. c4 e5 2. Nc3 d6 3. g3 Nf6 4. Bg2 g6 5. d3 Bg7 6. Nf3 Nbd7 7. 0-0 0-0 8. Bg5 h6 9. Bd2 b6 10. Nxe5 Rb8 11. Nc6 1-0

[Event "Gironi-ch A"]
[Site "Sant Gregori"]
[Date "2007.11.11"]
[Round "6.10"]
[White "Vila Pages, Xavier"]
[Black "Pruja Ramirez de Cartagena, Marc"]
[Result "0-1"]
[WhiteElo "1942"]
[BlackElo "2002"]
[PlyCount "112"]
[EventDate "2007.10.07"]
[EventType "swiss"]
[EventRounds "8"]
[EventCountry "ESP"]
[SourceTitle "EXT 2024"]
[Source "ChessBase"]
[SourceDate "2023.10.10"]
[SourceVersion "1"]
[SourceVersionDate "2023.10.10"]
[SourceQuality "1"]

1. c4 Nf6 2. d4 e6 3. Nc3 Bb4 4. Bd2 0-0 5. Nf3 b6 6. e3 Bb7 7. Be2 d6 8. 0-0 Nbd7 9. Qc2 Bxc3 10. Bxc3 Ne4 11. Rad1 f5 12. Nd2 Qg5 13. Nf3 Qe7 14. Kh1 Ndf6 15. Ng1 Nxc3 16. Qxc3 Ne4 17. Qc2 Qh4 18. Bf3 g5 19. g3 Qh6 20. d5 Qg6 21. Bg2 g4 22. f3 Nxg3+ 23. hxg3 Qh6+ 24. Bh3 gxh3 25. e4 fxe4 26. Qxe4 exd5 27. cxd5 Rae8 28. Qg4+ Qg6 29. Qxg6+ hxg6 30. Rf2 Re5 31. Rfd2 Rff5 32. Kh2 Rxd5 33. Rxd5 Rxd5 34. Rxd5 Bxd5 35. a3 Kg7 36. Kxh3 Kf6 37. Kg4 Bc4 38. Kf4 g5+ 39. Ke3 c5 40. Nh3 d5 41. Nf2 d4+ 42. Kd2 Bd5 43. Ke2 Kf5 44. Nd1 c4 45. Kf2 Bc6 46. Ke2 Bb5 47. Kd2 Bc6 48. Ke2 a5 49. Kf2 Ba4 50. Ke2 Bc6 51. Nf2 b5 52. g4+ Ke5 53. Nh3 Kf6 54. Nf2 b4 55. Nd1 c3 56. bxc3 bxa3 0-1

[Event "Gironi-ch A"]
[Site "Sant Gregori"]
[Date "2007.11.04"]
[Round "5.10"]
[White "Vila Pages, Xavier"]
[Black "Ros Bosch, Carles"]
[Result "1/2-1/2"]
[WhiteElo "1942"]
[BlackElo "1859"]
[PlyCount "129"]
[EventDate "2007.10.07"]
[EventType "swiss"]
[EventRounds "8"]
[EventCountry "ESP"]
[SourceTitle "EXT 2024"]
[Source "ChessBase"]
[SourceDate "2023.10.10"]
[SourceVersion "1"]
[SourceVersionDate "2023.10.10"]
[SourceQuality "1"]

1. c4 Nf6 2. d4 e5 3. d5 Bc5 4. Nc3 d6 5. h3 Bf5 6. Bg5 0-0 7. e3 Nbd7 8. Bd3 Bxd3 9. Qxd3 Re8 10. Nge2 Nf8 11. 0-0 h6 12. Bxf6 Qxf6 13. Ne4 Qh4 14. Nxc5 dxc5 15. e4 Rad8 16. Rae1 Rd6 17. f4 exf4 18. Nxf4 Ng6 19. Nxg6 Rxg6 20. e5 Rg3 21. Qf5 Re7 22. Re4 Qg5 23. Qxg5 Rxg5 24. Rfe1 Kf8 25. Kf2 Rf5+ 26. Kg3 Rg5+ 27. Kf2 Rf5+ 28. Kg1 Ke8 29. g4 Rf3 30. Kg2 Rd3 31. R1e2 Kd7 32. b3 b6 33. R4e3 Rxe3 34. Rxe3 f6 35. e6+ Kd6 36. Kf3 c6 37. Rd3 cxd5 38. cxd5 Rc7 39. Ke4 Re7 40. Kf5 Rb7 41. Ke4 Re7 42. h4 b5 43. Rd2 Rc7 44. Kf5 c4 45. bxc4 bxc4 46. g5 c3 47. Rd1 c2 48. Rc1 fxg5 49. hxg5 hxg5 50. Kxg5 Kxd5 51. e7 Rxe7 52. Rxc2 a5 53. Kf5 a4 54. Kf4 Kd4 55. Rb2 Kc3 56. Rg2 a3 57. Kf5 Rb7 58. Ke4 Rb2 59. Rg3+ Kb4 60. Rxg7 Rxa2 61. Kd3 Rh2 62. Rb7+ Kc5 63. Kc3 Rh1 64. Ra7 Rh3+ 65. Kc2 1/2-1/2